Nelson Mandela

Сохранить в:
Библиографические подробности
Главный автор: Rowena Akinyemi
Формат:
Язык:Undetermined
Опубликовано: Oxford Oxford Univ. Press 2002
Предметы:
Метки: Добавить метку
Нет меток, Требуется 1-ая метка записи!
Thư viện lưu trữ: Trung tâm Học liệu Trường Đại học Cần Thơ
LEADER 00470nam a2200193Ia 4500
001 CTU_65285
008 210402s9999 xx 000 0 und d
020 |b 34000 
082 |a 428.64 
082 |b A312N 
100 |a Rowena Akinyemi 
245 0 |a Nelson Mandela 
245 0 |c Rowena Akinyemi 
260 |a Oxford 
260 |b Oxford Univ. Press 
260 |c 2002 
650 |a readers 
904 |i Minh 
980 |a Trung tâm Học liệu Trường Đại học Cần Thơ